000 00777nam a2200217 a 4500
001 000023151
005 20200930022024.0
008 101129s2006 cu a r 000 0 spa d
020 _a9590608922
040 _aDO-SdBNP
_bspa
_cBNPHU
082 _aNNN
_bM337r
100 1 _aMarín Mederos, Thelvia,
_c1922-
_947665
245 1 0 _aEl ritual de la cohoba :
_bviaje al mundo secreto del tabaco /
_cThelvia Marín Mederos ; edición Mariel Bauzá Sánchez ; prólogo Manuel Rivero de la Cruz.
260 _aLa Habana, Cuba :
_bCiencias Sociales,
_c2006.
300 _axii, 193 p. :
_bil. ;
_c21 cm.
490 1 _aSociología
700 1 _aRivero de la Cruz, Manuel
_epról.
_947666
700 1 _aBauzá Sánchez, Mariel
_eed.
_947667
830 0 _aSociología
_933282
049 _aBNGR
999 _c22648
_d22648